书目信息 |
| 题名: |
创造认识论
|
|
| 作者: | 胡敏中 著 | |
| 分册: | ||
| 出版信息: | 北京 北京师范大学出版社 2006.04 |
|
| 页数: | 232页 | |
| 开本: | 20cm | |
| 丛书名: | ||
| 单 册: | ||
| 中图分类: | B023 | |
| 科图分类: | ||
| 主题词: | 辩证唯物主义 | |
| 电子资源: | ||
| ISBN: | 7-303-07974-2 | |
| 000 | 00703nam0 2200229 45 | |
| 001 | 0953724324 | |
| 005 | 20091101145711.84 | |
| 010 | @a7-303-07974-2@dCNY25.00 | |
| 100 | @a20090515d2006 ekmy0 y0120 ea | |
| 102 | @aCN@b130000 | |
| 102 | @aCN@b110000 | |
| 105 | @ay z 000yy | |
| 200 | 1 | @a创造认识论@Achuang zao ren shi lun@e当代认识论研究的新维度@f胡敏中著@Fhu min zhong zhu |
| 210 | @a北京@c北京师范大学出版社@d2006.04 | |
| 215 | @a232页@d20cm | |
| 517 | 1 | @a当代认识论研究的新维度@Adang dai ren shi lun yan jiu de xin wei du |
| 606 | 0 | @a辩证唯物主义 |
| 690 | @aB023@v4 | |
| 701 | 0 | @a胡敏中@Ahu min zhong@4著 |
| 801 | 0 | @aCN@c20091101 |
| 905 | @a10447@dB023@eH4901 | |
| 906 | @d25@n3@r1 | |
| 创造认识论:当代认识论研究的新维度/胡敏中著.-北京:北京师范大学出版社,2006.04 |
| 232页;20cm |
| ISBN 7-303-07974-2:CNY25.00 |
| ● |
| 相关链接 |
|
|
|
正题名:创造认识论
索取号:B023/H4901
 
预约/预借
| 序号 | 登录号 | 条形码 | 馆藏地/架位号 | 状态 | 备注 |
| 1 | 897110 | 208971102 | 社科库509/509社科库 7排2列5层/ [索取号:B023/H4901] | 在馆 | |
| 2 | 897111 | 208971111 | 社科库509/509社科库 7排2列5层/ [索取号:B023/H4901] | 在馆 | |
| 3 | 897112 | 208971120 | 社科库509/509社科库 7排2列5层/ [索取号:B023/H4901] | 在馆 |